| 000 | 00696nam a22001937a 4500 | ||
|---|---|---|---|
| 999 |
_c166479 _d166479 |
||
| 005 | 20190814120716.0 | ||
| 010 | _aUR-10281 | ||
| 020 |
_c110.00 _a- |
||
| 035 | _aU-8836 | ||
| 037 | _bDBAD/PUB | ||
| 082 | _a841 | ||
| 100 | _aٹر ا نسليٹر:مير با بر علی ا نيس | ||
| 245 |
_aا شک کر بلا _cٹر ا نسليٹر:مير با بر علی ا نيس |
||
| 246 |
_bAshke Karbala (Urdu) _aTran.by Babar Ali Anees |
||
| 260 |
_a Delhi _bEducational Publishing House _c2019 ء |
||
| 270 |
_a3191،Vakil Street,Kucha Pandit,Lal Kuan, _bDelhi _e110006 _k23216162 _l00911123211540 |
||
| 300 |
_a120 ص _c22 Cm(Hb) |
||
| 942 |
_2ddc _cUR _h841 _mک ر ب |
||